Statistics for Countries With The Most Protestant Christians

Click here to take the quiz!

General Stats

  • This quiz has been taken 74 times
  • The average score is 5 of 10

Answer Stats

Answer% Correct
Germany
91%
China
62%
Brazil
59%
United States
58%
India
55%
Nigeria
45%
United Kingdom
43%
South Africa
41%
Kenya
25%
DR Congo
3%

Score Distribution

Percentile by Number Answered

Percent of People with Each Score

Your Score History

You have not taken this quiz